Newspapers by country - Statistics

General Stats
  • This quiz has been taken 143 times
  • The average score is 8 of 15
Answer Stats
Hint Answer % Correct
The Wall Street Journal USA
100%
Le Monde France
99%
The Guardian UK
98%
El Mundo Spain
88%
Die Welt Germany
83%
Al Jazeera Qatar
63%
Mainichi Shimbun Japan
60%
The Globe and Mail Canada
54%
People's Daily China
48%
Kommersant Russia
44%
O globo Brazil
43%
The Dominion Post New Zealand
23%
Koori Mail Australia
15%
Posta Turkey
7%
Rapport South Africa
4%
No matching quizzes found
Score Distribution
Percent of People with Each Score
Percentile by Number Answered
Your Score History
You have not taken this quiz